| 000 | 00803nam a2200229Ia 4500 | ||
|---|---|---|---|
| 003 | IN-BaIIA | ||
| 008 | 211028s9999 xx 000 0 eng d | ||
| 020 | _a978-0-8165-3124-0 | ||
| 040 | _cIIA Library | ||
| 080 |
_a524.3-5 _bPRO-VI |
||
| 245 | 0 |
_aProtostars and planets VI _cedited by Henrik Beuther, Ralf S. Klessen, Cornelis P. Dullemond, and Thomas Henning |
|
| 260 |
_aTucson _bUniversity of Arizona Press _c2014 |
||
| 300 | _axvi, 914p. | ||
| 650 |
_aMolecular clouds - congresses _936530 |
||
| 650 |
_aPlanets - origin - congresses _912397 |
||
| 650 |
_aProtostars - congresses _931068 |
||
| 650 |
_aStars - formation - congresses _919190 |
||
| 700 |
_aBeuther, Henrik., ed. _931895 |
||
| 700 |
_aDullemond, Cornelis P., ed. _936531 |
||
| 700 |
_aKlessen, Ralf S., ed. _936532 |
||
| 942 | _cBK | ||
| 999 |
_c19133 _d19133 |
||